| 000 | 00514nam a2200217Ia 4500 | ||
|---|---|---|---|
| 003 | 0100 | ||
| 008 | 130303s9999 xx 000 0 und d | ||
| 020 | _a0268010919 | ||
| 040 | _cARRUPELIB | ||
| 050 | _aB721.C565 1972 | ||
| 100 | _aCopleston, F. C | ||
| 245 | 2 | _aA history of medieval philosophy | |
| 260 | _aNew York | ||
| 260 | _bHarper & Row | ||
| 260 | _C1972 | ||
| 300 | _a399p. | ||
| 300 | _b 22 cm. | ||
| 650 | _aPHILOSOPHY | ||
| 650 | _bBible OT - History of Biblical events | ||
| 942 | 0 | 0 | _021 |
| 999 |
_c31775 _d31775 |
||